Recursos contra las corporaciones locales (Record no. 145837)

MARC details
000 -LEADER
campo de control de longitud fija 00549nam a2200157 i 4500
001 - NÚMERO DE CONTROL
campo de control 145837
003 - IDENTIFICADOR DE NÚMERO DE CONTROL
campo de control ES-MaACL
007 - CAMPO FIJO DE DESCRIPCIÓN FÍSICA--INFORMACIÓN GENERAL
campo de control de longitud fija t|
008 - DATOS DE LONGITUD FIJA--INFORMACIÓN GENERAL
campo de control de longitud fija 071017s1958 sp ||||1| spa d
100 1# - ENTRADA PRINCIPAL--NOMBRE DE PERSONA
Nombre de persona Vergés Cadenet, Roberto.
9 (RLIN) 114113
245 10 - MENCIÓN DEL TÍTULO
Título Recursos contra las corporaciones locales
Resto del título : procedimientos gubernativos... /
Mención de responsabilidad, etc. Roberto Vergés Cadenet ; con la colaboración de Juan Jené Cusi.
260 ## - PUBLICACIÓN, DISTRIBUCIÓN, ETC.
Lugar de publicación, distribución, etc. Barcelona :
Nombre del editor, distribuidor, etc. J. Mª Bosch,
Fecha de publicación, distribución, etc. 1958.
300 ## - DESCRIPCIÓN FÍSICA
Extensión 164 p. ;
Dimensiones 21 cm.
700 1# - ENTRADA AGREGADA--NOMBRE PERSONAL
Nombre de persona Jené Cusi, Juan.
9 (RLIN) 66288
852 ## - LOCALIZACIÓN
Ubicación ES-MaACL
Número de control de estantería C-8187
Sublocalización o colección R.42755
Holdings
Estatus retirado Estado de pérdida Estado de daño No para préstamo Biblioteca de origen Biblioteca actual Ubicación en estantería Fecha de adquisición Fuente de adquisición Total de préstamos Signatura topográfica completa Código de barras Visto por última vez Precio de reemplazo Tipo de ítem Koha
        Biblioteca del Ateneo de Madrid Biblioteca del Ateneo de Madrid Sala Palomar 17/01/2008     C-8187 1152228 23/02/2023 23/02/2023 Libro impreso